Teatro contemporáneo: imágenes y voces
Guardat en:
| Autor principal: | |
|---|---|
| Format: | Llibre |
| Idioma: | espanyol |
| Publicat: |
Santiago
LOM
1998
|
| Col·lecció: | Libros de la Invención y la Herencia
|
| Matèries: | |
| Etiquetes: |
Afegir etiqueta
Sense etiquetes, Sigues el primer a etiquetar aquest registre!
|
MARC
| LEADER | 00000nam a2200000 a 4500 | ||
|---|---|---|---|
| 001 | UCN0724 | ||
| 003 | CL-VaPUC | ||
| 008 | 010330e19980000CL |||||||||||||||||spa|d | ||
| 082 | 0 | 4 | |a 792.09 |b PAV |2 21 |
| 100 | |a Pavis, Patrice |e autor |9 469699 | ||
| 245 | 1 | 0 | |a Teatro contemporáneo: imágenes y voces |
| 300 | |a 229 p | ||
| 942 | |c BK | ||
| 945 | |d 20010330 00:00:00 |a cmena | ||
| 260 | |a Santiago |b LOM |c 1998 | ||
| 650 | 7 | |a TEATRO - CRITICA E INTERPRETACION |2 CL-VaPUC |9 455921 | |
| 583 | |a last modification |c 20010330 00:00:00 |k Rodrigo Vera | ||
| 490 | 0 | |a Libros de la Invención y la Herencia | |
| 999 | |c 294357 |d 294355 | ||
| 952 | |0 0 |1 0 |4 0 |6 792_090000000000000_PAV_1998 |7 0 |8 A |9 346640 |a FDOPOS |b FDOPOS |d 2019-11-20 |i 370842K |o 792.09 PAV 1998 |p 370842K |r 2025-01-22 |w 2019-11-20 |y BK |k MLH | ||